LEADER 01066nam1 2200337 450 001 990000915400203316 035 $a0091540 035 $aUSA010091540 035 $a(ALEPH)000091540USA01 035 $a0091540 100 $a20020128d--------km-y0ITAy01------ba 101 $aita 102 $aIT 105 $a00||| 200 1 $aRevisione contabile, certificazione di bilancio$estruttura ed organizzazione nella società di revisione$ela verifica per cicli del controllo interno aziendale$fAlberto Pesenato 210 $aPadova$cCEDAM 215 $av.$d24 cm 300 $aSegue: Appendici 606 $aContabilità$xRevisione 606 $aBilancio$xCertificazione 700 1$aPESENATO,$bAlberto$0373934 801 0$aIT$bsalbc$gISBD 912 $a990000915400203316 951 $aIRA 25 235$bG$cIRA 25 959 $aBK 969 $aGIU 979 $aPATTY$b90$c20020128$lUSA01$h1602 979 $c20020403$lUSA01$h1735 979 $aPATRY$b90$c20040406$lUSA01$h1703 996 $aRevisione contabile, certificazione di bilancio$961131 997 $aUNISA LEADER 01543nam--2200421---450- 001 990002815160203316 005 20060919105424.0 010 $a88-86946-13-9 035 $a000281516 035 $aUSA01000281516 035 $a(ALEPH)000281516USA01 035 $a000281516 100 $a20060919d1997----km-y0itay50------ba 101 $aita 101 $afre 101 $ager 102 $aIT 105 $aa---||||001yy 200 1 $a<> temi figurativi nella pittura parietale antica$e(4. sec a.C.- 4. sec. d.C.)$eatti del 6. convegno internazionale sulla Pittura parietale antica$e[Bologna, 20-23 settembre 1995]$fa cura di Daniela Scagliarini Corlaita 210 $aImola$cUniversity Press Bologna$dstampa 1997 215 $a423 p.$cill.$d30 cm 225 2 $aStudi e scavi$v5 300 $aIn testa al front.: Dipartimento di archeologia, Universita di Bologna; Association Internationale pour la peinture murale antique, A.I.P.M.A 410 0$12001$aStudi e scavi$v5 454 1$12001 461 1$1001-------$12001 606 0 $aPittura$zSec. 4. a. C.-4.$xCongressi$z1995 676 $a759.938 702 1$aSCAGLIARINI CORLAITA,$bDaniela 710 12$aConvegno internazionale sulla pittura parietale antica$d<6. ;$f1995 ;$eBologna>$0387135 801 0$aIT$bsalbc$gISBD 912 $a990002815160203316 951 $aI AP AIPP 6$b6349 DBC$cI AP 959 $aBK 969 $aDBC 979 $aDBC$b90$c20060919$lUSA01$h1054 996 $aTemi figurativi nella pittura parietale antica$9481745 997 $aUNISA